| 000 | 00639nam a2200181 i 4500 | ||
|---|---|---|---|
| 001 | 150602 | ||
| 003 | ES-MaACL | ||
| 005 | 20250831132618.0 | ||
| 007 | t| | ||
| 008 | 071031s1909 sp ||||1| spa d | ||
| 100 | 1 |
_aValentí Vivó, Ignacio. _9112601 |
|
| 245 | 1 | 3 |
_aLa obra de César Lombroso _b: conferencia de extensión universitaria dada en la Cátedra de Medicina Legal y Toxicología de la Universidad de Barcelona / _cIgnacio Valentí y Vivó. |
| 260 |
_aBarcelona : _bLa Neotipia, _c1909. |
||
| 300 | _a23 p. | ||
| 600 | 1 | 4 |
_aLombroso, Cesare, _d1835-1909 _9242173 |
| 852 |
_aES-MaACL _jT-1192-F-2 |
||
| 999 |
_c150602 _d150602 |
||